000 01134nam a22003377a 4500
001 BR7807371
003 BR-BrBNA
005 20230928085819.0
007 ta
008 230509b bl.||||| |||| 00| 0 por d
040 _aBR-BrBNA
_bpor
_cBiblioteca Nacional de Agricultura
041 _a(Por)
072 _aE10; E15
_b/G514
090 _ E10 BR7807371
110 1 _aEscola Interamericana de Administracao Publica, Rio de Janeiro, RJ (Brasil). Centro de Pos-Graduacao em Desenvolvimento Agricola
_94315
245 1 _aPERSAGRI - Projeto evolucao recente e situacao atual da agricultura brasileira. 3. Evolucao recente e situacao atual da agricultura brasileira, uma analise regional. Regiao Sudeste
_bTomo 1
260 3 _aRio de Janeiro, RJ (Brasil):
_c1978.
300 _a116 p.
500 _a36 tables
650 _aESTRUTURA AGRARIA
650 _aPROPRIEDADE RURAL
650 _aARRENDAMENTO
650 _aPARCERIA
650 _aMAO-DE-OBRA
650 _aTRABALHADOR RURAL
650 _aPRODUTIVIDADE
650 _aPRODUTOR
650 _aREGIAO SUDESTE
909 _a202309
_bLucia
_c55
_dLucia Elande
942 _cBK
999 _c26473
_d26473